Agrès et Engins en Gymnastique - Statistiques

Statistiques générales
  • Ce quiz a été pris 1 913 fois
  • Le résultat moyen est 11 sur 15
Statistiques - réponses
Type de quiz Réponse % Correct
Agrès Femme Poutre
97%
Agrès Homme Sol
95%
Agrès Femme Sol
95%
Agrès Homme Anneaux
89%
Agrès Femme Barres Asymétriques
86%
Agrès Homme Barres Parallèles
85%
Agrès Homme Saut de Cheval
78%
Agrès Femme Saut de Cheval
78%
Engin GR Ruban
72%
Engin GR Ballon
70%
Engin GR Cerceau
70%
Agrès Homme Cheval d'Arçon
70%
Agrès Homme Barre Fixe
65%
Engin GR Massues
44%
Engin GR Corde
34%
Aucun quiz correspondant
Distribution des résultats
% des personnes avec chaque résultat
Percentile par nombre de réponses
Votre historique - résultats
Vous n’avez pas pris ce quiz